Nest and wings guide to Darjeeling area including Siliguri, Mirik, Kurseong, Kalimpong (Record no. 42406)
[ view plain ]
| 000 -LEADER | |
|---|---|
| fixed length control field | 00357nam a2200121Ia 4500 |
| 020 ## - INTERNATIONAL STANDARD BOOK NUMBER | |
| ISBN | 8187592001 |
| 082 ## - DEWEY DECIMAL CLASSIFICATION NUMBER | |
| Classification number | 912(036)(540.17) |
| Item number | NES |
| 245 #0 - TITLE STATEMENT | |
| Title | Nest and wings guide to Darjeeling area including Siliguri, Mirik, Kurseong, Kalimpong |
| 250 ## - EDITION STATEMENT | |
| Edition statement | Ed.25 |
| 260 ## - PUBLICATION, DISTRIBUTION, ETC. (IMPRINT) | |
| Place of publication | New Delhi |
| Name of publisher | Nest & Wings |
| 942 ## - ADDED ENTRY ELEMENTS (KOHA) | |
| Koha item type | Books |
| Withdrawn status | Lost status | Damaged status | Not for loan | Home library | Current library | Date acquired | Full call number | Accession Number | Koha item type |
|---|---|---|---|---|---|---|---|---|---|
| RRII Library | RRII Library | 16/12/2021 | 912(036)(540.17) NES | 22678 | Books |